000 00264nam a22001217a 4500
008 170829b xxu||||| |||| 00| 0 eng d
041 _aeng
080 _26 ED
_a070
100 _a39
101 _a MED
245 _aCOMMUNICATION
_cTHILL..V.J
942 _2udc
_cBK
999 _c25382
_d25382